Novinka: firmy si budú môcť vybrať certifikovaného kouča

Informácie o koučingu v oblasti biznisu. Prístupy a zamerania koučingu (solution focused coaching), co-active coaching, systemický koučing... Rôzne formy podpory zamestnancov a práca kouča. Koučing na Slovensku a systém certifikácie u nás.

Salvato in:
Dettagli Bibliografici
Autore principale: Kmecová, Denisa
Natura: Capitolo di libro
Lingua:slovacco
Soggetti:
Tags: Aggiungi Tag
Nessun Tag, puoi essere il primo ad aggiungerne!!

MARC

LEADER 00000naa$a2200000$$$4500
001 0117145
005 20230912094846.1
041 0 |a slo 
044 |a SK 
245 1 0 |a Novinka: firmy si budú môcť vybrať certifikovaného kouča  |c Denisa Kmecová 
520 |a Informácie o koučingu v oblasti biznisu. Prístupy a zamerania koučingu (solution focused coaching), co-active coaching, systemický koučing... Rôzne formy podpory zamestnancov a práca kouča. Koučing na Slovensku a systém certifikácie u nás. 
610 2 0 |a koučovanie 
610 2 0 |a manažéri 
610 2 0 |a firmy 
610 2 0 |a zamestnanci 
610 2 0 |a technika riadenia 
610 2 0 |a vedenie ľudí 
610 2 0 |a metódy riadenia 
610 2 0 |a nástroje riadenia 
100 1 |a Kmecová, Denisa